Cuộc cách mạng học sâu = The deep learning revolution

Trí tuệ nhân tạo (AI) đang làm thức tỉnh và biến đổi thế giới của chúng ta. Thúc đẩy những đột phá này là "cuộc cách mạng học sâu", bắt nguồn từ 30 năm nghiên cứu của tác giả. Muốn hiểu về AI thi người đọc cần phải tham khảo cu...

Volledige beschrijving

Bewaard in:
Bibliografische gegevens
Hoofdauteur: Sejnowski, Terrence J.
Formaat: Boek
Taal:Undetermined
Gepubliceerd in: Hà Nội Công thương 2019
Onderwerpen:
Tags: Voeg label toe
Geen labels, Wees de eerste die dit record labelt!
Thư viện lưu trữ: Trung tâm Học liệu Trường Đại học Cần Thơ
LEADER 01023nam a2200217Ia 4500
001 CTU_232023
008 210402s9999 xx 000 0 und d
020 |c 130000 
082 |a 006.31 
082 |b S463 
100 |a Sejnowski, Terrence J. 
245 0 |a Cuộc cách mạng học sâu = 
245 4 |b The deep learning revolution 
245 0 |c Terrence J. Sejnowski ; Huỳnh Hữu Tài (dịch) 
260 |a Hà Nội 
260 |b Công thương 
260 |c 2019 
520 |a Trí tuệ nhân tạo (AI) đang làm thức tỉnh và biến đổi thế giới của chúng ta. Thúc đẩy những đột phá này là "cuộc cách mạng học sâu", bắt nguồn từ 30 năm nghiên cứu của tác giả. Muốn hiểu về AI thi người đọc cần phải tham khảo cuốn sách giá trị này. 
650 |a Dữ liệu lớn,Big data 
910 |b dqhieu 
980 |a Trung tâm Học liệu Trường Đại học Cần Thơ